| 000 | 00977nam a2200301 i 4500 | ||
|---|---|---|---|
| 001 | 11379 | ||
| 003 | KOSZ 005 | ||
| 005 | 20200630132823.0 | ||
| 008 | 080329s1964 pl a f 001 0 pol | ||
| 015 | _aPB 1964/8244 | ||
| 040 |
_aWA N _cKOSZ 005/RW _dKOSZ 005/RW _dKOSZ 005/HR |
||
| 046 | _k1964 | ||
| 080 | _a514.7 | ||
| 100 | 1 |
_aKaraśkiewicz, Edmund _d(1899-1973). _eAutor |
|
| 245 | 1 | 0 |
_aZarys teorii wektorów i tensorów / _cEdmund Karaśkiewicz. |
| 260 |
_aWarszawa : _bPaństwowe Wydawnictwo Naukowe, _c1964. |
||
| 300 |
_a525, [2] s. : _bil., err. ; _c23 cm. |
||
| 380 | _aKsiążki. | ||
| 388 | _a1901-2000 | ||
| 504 | _aBibliogr. s. [520]. Indeks. | ||
| 658 | _aMatematyka | ||
| 650 | 4 | _aTensory | |
| 655 | 4 | _aPodręcznik | |
| 650 | 4 | _aWektory | |
| 710 | 2 |
_aPaństwowe Wydawnictwo Naukowe _4pbl. |
|
| 856 |
_uhttp://koha.tu.koszalin.pl/cgi-bin/koha/opac-detail.pl?biblionumber=11379 _yKatalog online BPK |
||
| 942 |
_2UKD _cKS |
||
| 999 |
_c11379 _d11379 |
||